[Event "Scarborough CC Falling Leaves"]
[Site "Toronto CAN"]
[Date "2019.12.05"]
[Round "6.5"]
[White "Sharpe, Sam"]
[Black "Leblanc, Miguel"]
[Result "1-0"]
[WhiteElo "1946"]
[BlackElo "1754"]
[PlyCount "124"]
[EventDate "2019.10.31"]
[EventType "swiss"]
[EventRounds "6"]
[EventCountry "CAN"]

1. f4 d5 2. Nf3 c5 3. e3 Nc6 4. Bb5 Bf5 5. O-O e6 6. d3 Bd6 7. Nc3 a6 8. Bxc6+
bxc6 9. e4 Bg6 10. Qe1 Be7 11. Bd2 d4 12. Na4 Nf6 13. b3 Nd7 14. Qg3 Bf6 15.
Rae1 O-O 16. Qh3 h6 17. g4 Bh7 18. Re2 e5 19. f5 Bg5 20. Nxg5 hxg5 21. Qh5 f6
22. h4 gxh4 23. Rh2 Qe8 24. Qxh4 Bxf5 25. Rxf5 Qg6 26. Qh5 Qxh5 27. Rfxh5 Kf7
28. Bc1 Ke6 29. Ba3 Kd6 30. Rh7 Rf7 31. Rh8 Rff8 32. Rxf8 Rxf8 33. Rh7 Rg8 34.
Kf2 a5 35. Bc1 Nf8 36. Rh1 Ne6 37. Nb2 Kc7 38. Nc4 a4 39. bxa4 Ra8 40. a5 Kb7
41. Bd2 Ka6 42. Rb1 Rh8 43. Rb6+ Ka7 44. Rxc6 Nf4 45. Bxf4 exf4 46. Na3 Rh2+
47. Kf3 g5 48. Nb5+ Kb7 49. Rxc5 Rh3+ 50. Kf2 Rh2+ 51. Kg1 Rh7 52. Nxd4 Rh4 53.
Rf5 Rxg4+ 54. Kf2 Rh4 55. Rxf6 Rh2+ 56. Kf3 Rh3+ 57. Kg2 Rg3+ 58. Kf2 Rh3 59.
a6+ Ka8 60. Nb5 Rh2+ 61. Kg1 Rh8 62. Rf7 g4 1-0

[Event "Scarborough CC Falling Leaves"]
[Site "Toronto CAN"]
[Date "2019.12.05"]
[Round "6.6"]
[White "Mendoza, Armand Jess"]
[Black "Wu, Benjamin"]
[Result "0-1"]
[WhiteElo "1850"]
[BlackElo "1796"]
[PlyCount "88"]
[EventDate "2019.10.31"]
[EventType "swiss"]
[EventRounds "6"]
[EventCountry "CAN"]

1. d4 Nf6 2. Nc3 d5 3. Bg5 e6 4. e4 Be7 5. e5 Nfd7 6. Bxe7 Qxe7 7. f4 c5 8. Nf3
Nc6 9. Be2 cxd4 10. Nxd4 Qb4 11. Nxc6 Qxb2 12. Nb5 bxc6 13. Nc7+ Kd8 14. Nxa8
Qc3+ 15. Kf1 Nc5 16. Rb1 Ne4 17. Rb8 Qe3 18. Rxc8+ Kxc8 19. Ba6+ Kd7 20. Qe2
Qxf4+ 21. Ke1 Qc1+ 22. Qd1 Qxd1+ 23. Kxd1 Nf2+ 24. Ke2 Nxh1 25. Kf1 Rxa8 26.
Kg1 Rb8 27. g3 Rb1+ 28. Kg2 Kc7 29. Bd3 Rd1 30. Bxh7 g6 31. Bg8 Rd2+ 32. Kxh1
Rf2 33. Kg1 Rf5 34. Kg2 Kd7 35. g4 Rf4 36. Kg3 Rf1 37. Kg2 Rc1 38. Bxf7 Rxc2+
39. Kg3 g5 40. a4 Rc3+ 41. Kg2 Ra3 42. h4 gxh4 43. Kh2 Rg3 44. Bh5 a5 0-1

[Event "Scarborough CC Falling Leaves"]
[Site "Toronto CAN"]
[Date "2019.12.12"]
[Round "7.1"]
[White "Southam, David"]
[Black "Xie, Austin"]
[Result "1-0"]
[WhiteElo "2185"]
[BlackElo "1986"]
[PlyCount "55"]
[EventDate "2019.10.31"]
[EventType "swiss"]
[EventRounds "6"]
[EventCountry "CAN"]

1. d4 d5 2. c4 e6 3. Nf3 Nf6 4. g3 Nbd7 5. Nbd2 Be7 6. Bg2 O-O 7. O-O c6 8. Qc2
dxc4 9. Nxc4 Nb6 10. Nce5 Bd7 11. a3 a5 12. b3 Rc8 13. Nd3 Nbd5 14. Nfe5 b6 15.
e4 Nc7 16. Be3 Na6 17. Qc4 b5 18. Qc2 Qb6 19. Rfc1 Rc7 20. Qb2 Rfc8 21. b4 axb4
22. axb4 Ne8 23. d5 c5 24. bxc5 Nxc5 25. Nxc5 Bxc5 26. Rxc5 Rxc5 27. Nxd7 Qd6
28. Nxc5 1-0

[Event "Scarborough CC Falling Leaves"]
[Site "Toronto CAN"]
[Date "2019.12.12"]
[Round "7.2"]
[White "Sharpe, Sam"]
[Black "Mao, Fengxi"]
[Result "1/2-1/2"]
[WhiteElo "1946"]
[BlackElo "2181"]
[PlyCount "39"]
[EventDate "2019.10.31"]
[EventType "swiss"]
[EventRounds "6"]
[EventCountry "CAN"]

1. e4 e6 2. d4 d5 3. Nc3 Bb4 4. e5 c5 5. a3 Bxc3+ 6. bxc3 Qa5 7. Bd2 Qa4 8. Nf3
b6 9. Qb1 Ba6 10. Qb3 Qxb3 11. cxb3 Bxf1 12. Kxf1 Nd7 13. Ke2 Ne7 14. Rhc1 Nc6
15. b4 c4 16. a4 a5 17. b5 Ne7 18. Re1 f5 19. Bc1 h6 20. h4 1/2-1/2

[Event "Scarborough CC Falling Leaves"]
[Site "Toronto CAN"]
[Date "2019.12.12"]
[Round "7.3"]
[White "Wu, Benjamin"]
[Black "Xiao, Edward"]
[Result "1/2-1/2"]
[WhiteElo "1796"]
[BlackElo "1812"]
[PlyCount "89"]
[EventDate "2019.10.31"]
[EventType "swiss"]
[EventRounds "6"]
[EventCountry "CAN"]

1. e4 c5 2. Nf3 d6 3. d4 cxd4 4. Nxd4 Nf6 5. Nc3 a6 6. Bc4 e6 7. Be3 Be7 8. f3
b5 9. Bb3 Bb7 10. O-O d5 11. exd5 Nxd5 12. Nxd5 Bxd5 13. Bxd5 Qxd5 14. Nb3 Qd7
15. Qxd7+ Nxd7 16. Rad1 Rc8 17. c3 Nf6 18. Bd4 O-O 19. Bxf6 Bxf6 20. Rd6 Ra8
21. Rfd1 Rfd8 22. Rxd8+ Rxd8 23. Rxd8+ Bxd8 24. Kf2 Bb6+ 25. Ke2 Kf8 26. Nd4
Bxd4 27. cxd4 Ke7 28. Kd3 Kd6 29. Ke3 a5 30. b3 Kd5 31. a4 bxa4 32. bxa4 f6 33.
f4 h5 34. Kd3 h4 35. Kc3 Ke4 36. Kc4 Kxf4 37. Kb5 h3 38. gxh3 Ke3 39. Kxa5 f5
40. Kb6 f4 41. a5 f3 42. a6 f2 43. a7 f1=Q 44. a8=Q Qb1+ 45. Kc7 1/2-1/2

[Event "Scarborough CC Falling Leaves"]
[Site "Toronto CAN"]
[Date "2019.12.12"]
[Round "7.4"]
[White "Tavana, Joseph"]
[Black "Hay, Jonathan"]
[Result "0-1"]
[WhiteElo "1752"]
[BlackElo "2039"]
[PlyCount "58"]
[EventDate "2019.10.31"]
[EventType "swiss"]
[EventRounds "6"]
[EventCountry "CAN"]

1. Nf3 d5 2. d4 Nf6 3. e3 Bf5 4. c4 c6 5. Nc3 e6 6. cxd5 exd5 7. Be2 Bd6 8. Nh4
Bc8 9. Nf3 O-O 10. O-O Re8 11. Qc2 Nbd7 12. Bd3 Nf8 13. h3 h6 14. a3 a5 15. Na4
Ne4 16. Bd2 g5 17. Bxe4 dxe4 18. Nh2 Nh7 19. Rfc1 Nf6 20. Nf1 Nd5 21. Nc3 Nxc3
22. Bxc3 g4 23. hxg4 Bxg4 24. Be1 Re6 25. Nh2 Bxh2+ 26. Kxh2 Qh4+ 27. Kg1 Bf3
28. Qc4 Rg6 29. Qf1 Qh3 0-1

[Event "Scarborough CC Falling Leaves"]
[Site "Toronto CAN"]
[Date "2019.12.12"]
[Round "7.5"]
[White "Leblanc, Miguel"]
[Black "Jeyakumar, Bhavatharshan"]
[Result "1/2-1/2"]
[WhiteElo "1754"]
[BlackElo "1902"]
[PlyCount "85"]
[EventDate "2019.10.31"]
[EventType "swiss"]
[EventRounds "6"]
[EventCountry "CAN"]

1. d4 Nf6 2. Bf4 e6 3. e3 d5 4. Nf3 Bd6 5. Bg3 c5 6. c3 Nc6 7. Nbd2 O-O 8. Bd3
Qe7 9. Ne5 Bxe5 10. dxe5 Nd7 11. f4 f6 12. Nf3 c4 13. Bc2 Qc5 14. Qe2 fxe5 15.
fxe5 h6 16. O-O b5 17. Nd4 Ndxe5 18. Rxf8+ Qxf8 19. Bxe5 Nxe5 20. Rf1 Qe8 21.
e4 Bd7 22. exd5 exd5 23. Re1 Nd3 24. Bxd3 cxd3 25. Qxe8+ Rxe8 26. Rxe8+ Bxe8
27. Kf2 Bg6 28. Ke3 a6 29. Nc6 Be4 30. g3 Kf7 31. Nb4 a5 32. Nxd3 Bxd3 33. Kxd3
Ke6 34. Kd4 Kd6 35. h4 h5 36. b3 Kc6 37. a4 bxa4 38. bxa4 Kd6 39. c4 dxc4 40.
Kxc4 Kc6 41. Kd4 Kd6 42. Kc4 Kc6 43. Kd4 1/2-1/2

[Event "Scarborough CC Falling Leaves U1800"]
[Site "Toronto CAN"]
[Date "2019.10.31"]
[Round "1"]
[White "Zian, Nathan"]
[Black "Armstrong, Robert J"]
[Result "0-1"]
[WhiteElo "1389"]
[BlackElo "1549"]
[PlyCount "100"]
[EventDate "2019.10.31"]
[EventType "swiss"]
[EventRounds "7"]
[EventCountry "CAN"]

1. d4 g6 2. Nf3 Bg7 3. e3 c5 4. Bd3 Qb6 5. O-O cxd4 6. exd4 Bxd4 7. Nxd4 Qxd4
8. Bd2 Nf6 9. Bc3 Qb6 10. Re1 d5 11. Nd2 Be6 12. Qf3 Nbd7 13. Nb3 O-O 14. Nd4
Rad8 15. Qe3 Nc5 16. Nxe6 Nxe6 17. Qxb6 axb6 18. Bb5 Ne4 19. Bb4 N4c5 20. Rad1
Nc7 21. Bf1 Rfe8 22. c4 d4 23. Bxc5 bxc5 24. g3 e5 25. Bg2 b6 26. f4 exf4 27.
gxf4 Rxe1+ 28. Rxe1 Kf8 29. Bh3 Ne8 30. f5 Nd6 31. fxg6 hxg6 32. Bf1 f5 33. Bd3
Re8 34. Rxe8+ Kxe8 35. Kf2 Kf7 36. Kf3 Kf6 37. h4 Nf7 38. a3 Ne5+ 39. Ke2 Nxd3
40. Kxd3 Ke5 41. b4 cxb4 42. axb4 f4 43. c5 bxc5 44. bxc5 f3 45. c6 Kd6 46. c7
Kxc7 47. Kd2 Kd6 48. Ke1 d3 49. Kf2 d2 50. Kxf3 d1=Q+ 0-1

[Event "Scarborough CC Falling Leaves U1800"]
[Site "Toronto CAN"]
[Date "2019.11.07"]
[Round "2"]
[White "Armstrong, Robert J"]
[Black "Hulbert, Guy"]
[Result "0-1"]
[WhiteElo "1549"]
[BlackElo "1307"]
[PlyCount "51"]
[EventDate "2019.10.31"]
[EventType "swiss"]
[EventRounds "7"]
[EventCountry "CAN"]

1. d4 Nf6 2. c4 g6 3. Nc3 Bg7 4. e4 O-O 5. f3 d6 6. Be3 c5 7. d5 Na6 8. Nge2
Nc7 9. g4 a6 10. Ng3 e6 11. h4 Nd7 12. Qd2 Ne5 13. Be2 f6 14. f4 Nf7 15. f5
exf5 16. gxf5 g5 17. Nh5 Bh8 18. hxg5 fxg5 19. O-O-O h6 20. Rdg1 Ne8 21. Nf4
Bxc3 22. bxc3 Nf6 23. Bd3 Re8 24. Ne6 Bxe6 25. dxe6 Ne5 26. Bxg5 0-1

[Event "Scarborough CC Falling Leaves U1800"]
[Site "Toronto CAN"]
[Date "2019.11.14"]
[Round "3"]
[White "Gao, Lucy"]
[Black "Armstrong, Robert J"]
[Result "1/2-1/2"]
[WhiteElo "1684"]
[BlackElo "1563"]
[PlyCount "68"]
[EventDate "2019.10.31"]
[EventType "swiss"]
[EventRounds "7"]
[EventCountry "CAN"]

1. e4 g6 2. d4 Bg7 3. Nf3 c5 4. c3 Qa5 5. Nbd2 cxd4 6. Nb3 Qc7 7. cxd4 b6 8.
Bd3 Bb7 9. O-O Nf6 10. Re1 Nc6 11. a3 O-O 12. d5 Ne5 13. Bf4 Nxf3+ 14. Qxf3 d6
15. Rac1 Qd7 16. Nd4 Rfc8 17. Bb5 Qd8 18. Nc6 Bxc6 19. Bxc6 Rab8 20. Bg3 Nd7
21. b4 b5 22. Qd3 a6 23. h3 Nb6 24. Qb3 Nc4 25. a4 Be5 26. axb5 Bxg3 27. Qxg3
axb5 28. f4 Qb6+ 29. Kh2 Qd4 30. Qc3 Qf2 31. Rf1 Qe2 32. Rce1 Qa2 33. Ra1 Qe2
34. Rae1 Qa2 1/2-1/2

[Event "Scarborough CC Falling Leaves U1800"]
[Site "Toronto CAN"]
[Date "2019.11.28"]
[Round "5"]
[White "Armstrong, Robert J"]
[Black "Dwivedi, Umang"]
[Result "0-1"]
[WhiteElo "1563"]
[BlackElo "1663"]
[PlyCount "82"]
[EventDate "2019.10.31"]
[EventType "swiss"]
[EventRounds "7"]
[EventCountry "CAN"]

1. d4 Nf6 2. c4 g6 3. Nc3 Bg7 4. e4 d6 5. f3 O-O 6. Be3 c5 7. d5 e5 8. Nge2 a6
9. g4 Bxg4 10. fxg4 Nxg4 11. Qd2 Qh4+ 12. Ng3 Nxe3 13. Qxe3 f5 14. exf5 gxf5
15. Be2 f4 16. Qf2 fxg3 17. Qxg3 Qxg3+ 18. hxg3 Bf6 19. Bd3 Rf7 20. Ne4 Be7 21.
Rh6 Nd7 22. Nxd6 Bxd6 23. Rxd6 Rd8 24. Re6 Rf3 25. Kd2 Rxg3 26. Rh1 Rg7 27. Kc3
Rf8 28. b3 Rf3 29. Re8+ Kf7 30. Rh8 e4 31. Rf1 Rgg3 32. Rxh7+ Ke8 33. Rh8+ Ke7
34. Rh7+ Kd6 35. Kb2 exd3 36. Re1 Rg2+ 37. Ka3 Rff2 38. b4 Rxa2+ 39. Kb3 Rgb2+
40. Kc3 cxb4+ 41. Kxd3 Ra3+ 0-1

[Event "Scarborough CC Falling Leaves U1800"]
[Site "Toronto CAN"]
[Date "2019.12.05"]
[Round "6"]
[White "Armstrong, Robert J"]
[Black "Paterson, Jim"]
[Result "1-0"]
[WhiteElo "1563"]
[BlackElo "1495"]
[PlyCount "65"]
[EventDate "2019.10.31"]
[EventType "swiss"]
[EventRounds "7"]
[EventCountry "CAN"]

1. d4 e6 2. Nf3 Nf6 3. e3 c5 4. Bd3 d5 5. c4 cxd4 6. exd4 Nc6 7. Nc3 Be7 8. O-O
O-O 9. Re1 a6 10. c5 Qc7 11. Na4 Bd7 12. Nb6 Rae8 13. Bd2 Na7 14. a4 Bc6 15. b4
h6 16. Ne5 Nd7 17. Bxh6 gxh6 18. Qh5 Kg7 19. Qg4+ Bg5 20. h4 f6 21. Qh5 Re7 22.
Qg6+ Kh8 23. hxg5 Rg7 24. Qxh6+ Kg8 25. Nbxd7 Bxd7 26. gxf6 Rxf6 27. Qxf6 Bc8
28. Re3 Nc6 29. Nxc6 bxc6 30. b5 cxb5 31. axb5 axb5 32. Ra8 Qb7 33. Qxe6+ 1-0

[Event "Scarborough CC Falling Leaves U1800"]
[Site "Toronto CAN"]
[Date "2019.12.23"]
[Round "7"]
[White "Chanonlan, Ara"]
[Black "Armstrong, Robert J"]
[Result "0-1"]
[WhiteElo "1356"]
[BlackElo "1534"]
[PlyCount "66"]
[EventDate "2019.10.31"]
[EventType "swiss"]
[EventRounds "7"]
[EventCountry "CAN"]

1. d4 f5 2. c4 Nf6 3. Nc3 e6 4. Nf3 Be7 5. Bf4 Ne4 6. e3 Bh4 7. Nxe4 fxe4 8.
Nxh4 Qxh4 9. Bxc7 O-O 10. Bg3 Qf6 11. c5 Nc6 12. Bc4 Kh8 13. Qe2 b6 14. cxb6
axb6 15. O-O Ne7 16. Bd6 Re8 17. f3 Bb7 18. fxe4 Qg6 19. Bd3 Bxe4 {
Ara  is  up  a  P  again} 20. Bxe4 Qxe4 21. Rf4 Qc6 22. Bxe7 Rxe7 23. Raf1 Ree8
24. Qh5 Qd6 25. Qf7 Rg8 26. Rh4 e5 27. Qf5 h6 28. dxe5 Qe7 29. Rd4 Rgf8 30.
Qxd7 Qxe5 31. Rxf8+ Rxf8 32. e4 Qa5 33. Qa4 Qe1# {0-1} 0-1

[Event "Scarborough CC Jack Frost U1800"]
[Site "Toronto CAN"]
[Date "2019.01.17"]
[Round "2"]
[White "Graham, John"]
[Black "Armstrong, Robert J"]
[Result "1-0"]
[WhiteElo "1307"]
[BlackElo "1569"]
[PlyCount "51"]
[EventDate "2019.01.10"]
[EventType "swiss"]
[EventRounds "6"]
[EventCountry "CAN"]

1. e4 g6 2. Nf3 Bg7 3. Nc3 c5 4. Bc4 Nc6 5. a3 d6 6. Ne2 Nf6 7. d3 Bg4 8. Bb5
Bxf3 9. Bxc6+ bxc6 10. gxf3 Rb8 11. c3 Nd7 12. f4 Nf6 13. Ng3 h5 14. h3 h4 15.
Ne2 c4 16. Nd4 Qb6 17. Rg1 cxd3 18. Qxd3 c5 19. Nf3 Qc6 20. Ng5 c4 21. Qe2 Bh6
22. e5 Bxg5 23. fxg5 Nh5 24. exd6 Qxd6 25. Qxc4 Ng7 26. Bf4 1-0

[Event "Scarborough CC Jack Frost U1800"]
[Site "Toronto CAN"]
[Date "2019.01.24"]
[Round "3"]
[White "Armstrong, Robert J"]
[Black "McKelvie, Warren"]
[Result "1-0"]
[WhiteElo "1569"]
[BlackElo "1253"]
[PlyCount "71"]
[EventDate "2019.01.10"]
[EventType "swiss"]
[EventRounds "6"]
[EventCountry "CAN"]

1. d4 Nf6 2. c4 e6 3. Nf3 d5 4. e3 Bb4+ 5. Bd2 Be7 6. Nc3 O-O 7. Bd3 dxc4 8.
Bxc4 Nc6 9. Rc1 b6 10. Nb5 Bb7 11. O-O a6 12. Na3 Ne4 13. Bd3 Nxd2 14. Nxd2 Nb4
15. Bb1 Qd5 16. f3 Rac8 17. Nb3 Rfd8 18. Be4 Qg5 19. f4 Qf6 20. Bxb7 Nxa2 21.
Bxc8 Nxc1 22. Bxa6 Nxb3 23. Qxb3 Ra8 24. Bd3 Bd6 25. Nc4 Bf8 26. Ne5 Qe7 27.
Qc2 g6 28. Rc1 Rc8 29. Be4 c5 30. dxc5 Rxc5 31. Qd2 Qc7 32. Rxc5 Bxc5 33. Kf1
f6 34. Nd3 Qd6 35. Ke2 e5 36. b4 1-0

[Event "Scarborough CC Jack Frost U1800"]
[Site "Toronto CAN"]
[Date "2019.01.31"]
[Round "4"]
[White "Dixon, Javier"]
[Black "Armstrong, Robert J"]
[Result "1/2-1/2"]
[WhiteElo "1324"]
[BlackElo "1569"]
[PlyCount "73"]
[EventDate "2019.01.10"]
[EventType "swiss"]
[EventRounds "6"]
[EventCountry "CAN"]

1. e4 g6 2. Nf3 Bg7 3. Bc4 c5 4. O-O Nc6 5. Nc3 d6 6. d3 a6 7. a3 b5 8. Ba2 Rb8
9. Re1 e6 10. Rb1 a5 11. Ne2 a4 12. Bd2 b4 13. Bc4 Bd7 14. axb4 cxb4 15. c3 b3
16. d4 Nge7 17. Ra1 Na5 18. Bd3 O-O 19. Bf4 Qb6 20. Be3 d5 21. e5 Rfc8 22. Qd2
Bb5 23. Nc1 Nc4 24. Bxc4 Rxc4 25. Nd3 Rc7 26. Nc5 Ra8 27. Nxb3 Bc4 28. Nc5 Rca7
29. Bh6 Qc6 30. Bxg7 Kxg7 31. Qg5 Ng8 32. Nd2 Qb5 33. Nxc4 Qxc4 34. Ra3 Qb5 35.
Qd2 Ne7 36. Rea1 Nc8 37. b3 1/2-1/2

[Event "Scarborough CC Jack Frost U1800"]
[Site "Toronto CAN"]
[Date "2019.02.07"]
[Round "5"]
[White "Wu, Benjamin"]
[Black "Kwan, Toy Chack"]
[Result "1-0"]
[WhiteElo "1518"]
[BlackElo "1604"]
[PlyCount "83"]
[EventDate "2019.01.10"]
[EventType "swiss"]
[EventRounds "6"]
[EventCountry "CAN"]

1. e4 e6 2. d4 d5 3. Nd2 c5 4. c3 cxd4 5. cxd4 Nc6 6. Ngf3 Bd7 7. exd5 exd5 8.
Qb3 Nf6 9. a3 Qc7 10. Bd3 Bd6 11. O-O O-O 12. Qc2 Rfe8 13. Nb3 h6 14. h3 Rac8
15. Bd2 Qb8 16. Qb1 Ne4 17. Re1 Nxd2 18. Nfxd2 Rxe1+ 19. Qxe1 Re8 20. Qf1 Be7
21. Re1 Bf6 22. Rxe8+ Qxe8 23. Nf3 b6 24. Qe2 Kf8 25. Qxe8+ Kxe8 26. Bb5 Ke7
27. Kf1 Kd6 28. Ke2 a5 29. Kd2 Bf5 30. Bxc6 Kxc6 31. Ne5+ Kb5 32. Kc3 Be6 33.
Nf3 h5 34. Nbd2 g5 35. Kd3 g4 36. hxg4 hxg4 37. Ne5 Bg7 38. f3 Bf5+ 39. Kc3
Bxe5 40. dxe5 gxf3 41. gxf3 Kc5 42. Nb3+ 1-0

[Event "Scarborough CC Ridout"]
[Site "Toronto CAN"]
[Date "2019.09.12"]
[Round "1.1"]
[White "Mendoza, Armand Jess"]
[Black "Southam, David"]
[Result "0-1"]
[WhiteElo "1943"]
[BlackElo "2164"]
[PlyCount "82"]
[EventDate "2019.09.12"]
[EventType "swiss"]
[EventRounds "7"]
[EventCountry "CAN"]

1. d4 e6 2. Nc3 d5 3. h4 c5 4. Bg5 f6 5. Bc1 cxd4 6. Qxd4 Nc6 7. Qd3 Bc5 8. e4
d4 9. Nce2 Nge7 10. a3 O-O 11. f4 f5 12. e5 a5 13. Nf3 b6 14. b3 Ba6 15. Qd1
Qd5 16. Ng3 Bxf1 17. Rxf1 b5 18. Qd3 b4 19. a4 Qd7 20. Bb2 Nd5 21. Ne2 Ne3 22.
Rg1 Rfd8 23. Ng3 Rac8 24. Nf1 Qe7 25. N3d2 Qxh4+ 26. g3 Qe7 27. Nc4 Nxc4 28.
bxc4 b3 29. Rg2 bxc2 30. Qxc2 d3 31. Qd2 Nb4 32. Kd1 Nc2 33. Ra2 Bb4 34. Bc3
Rxc4 35. Bxb4 Nxb4 36. Ne3 Rc2 37. Qe1 Nxa2 38. Nxc2 dxc2+ 39. Kxc2 Qc5+ 40.
Kb2 Rb8+ 41. Ka1 Qd4+ 0-1

[Event "Scarborough CC Ridout"]
[Site "Toronto CAN"]
[Date "2019.09.12"]
[Round "1.2"]
[White "De Costa, Alex"]
[Black "Mao, Fengxi"]
[Result "0-1"]
[WhiteElo "1801"]
[BlackElo "2146"]
[PlyCount "44"]
[EventDate "2019.09.12"]
[EventType "swiss"]
[EventRounds "7"]
[EventCountry "CAN"]

1. e4 e5 2. Nf3 Nc6 3. Bb5 a6 4. Ba4 Nf6 5. d3 b5 6. Bb3 Bc5 7. O-O d6 8. a4
Bd7 9. c3 h6 10. Nbd2 O-O 11. Re1 Ba7 12. Nf1 Ne7 13. Ng3 Ng6 14. d4 Re8 15. h3
Qc8 16. Be3 Qb7 17. Qc2 c5 18. dxe5 dxe5 19. axb5 axb5 20. Rad1 c4 21. Ba2 Bxe3
22. Rxe3 Rxa2 0-1

[Event "Scarborough CC Ridout"]
[Site "Toronto CAN"]
[Date "2019.09.12"]
[Round "1.3"]
[White "Jeyakumar, Bhavatharshan"]
[Black "Hay, Jonathan"]
[Result "1/2-1/2"]
[WhiteElo "1818"]
[BlackElo "2063"]
[PlyCount "75"]
[EventDate "2019.09.12"]
[EventType "swiss"]
[EventRounds "7"]
[EventCountry "CAN"]

1. e4 c6 2. d4 d5 3. Nc3 dxe4 4. Nxe4 Bf5 5. Ng3 Bg6 6. h4 h6 7. Nf3 e6 8. Ne5
Bh7 9. Qh5 Qc7 10. Bc4 Nf6 11. Qe2 Bd6 12. Bf4 Nd5 13. Bxd5 cxd5 14. Qg4 Rg8
15. Nh5 f5 16. Qg3 Nc6 17. Nxc6 Bxf4 18. Nxf4 Qxc6 19. Qe3 O-O-O 20. O-O-O Rge8
21. Rh3 Kb8 22. Re1 Rd7 23. Qe5+ Qd6 24. Rhe3 Bg8 25. Nxd5 Qxe5 26. Rxe5 Red8
27. Nf4 Rxd4 28. Nxe6 Bxe6 29. Rxe6 Rxh4 30. Re7 g5 31. Rf7 Re4 32. Rxe4 fxe4
33. Rf6 Kc7 34. Rxh6 Rf8 35. Rg6 Rxf2 36. Rxg5 e3 37. Kd1 Rd2+ 38. Kc1 1/2-1/2

[Event "Scarborough CC Ridout"]
[Site "Toronto CAN"]
[Date "2019.09.12"]
[Round "1.4"]
[White "Gao, Raymond"]
[Black "Wu, Benjamin"]
[Result "1-0"]
[WhiteElo "2031"]
[BlackElo "1801"]
[PlyCount "87"]
[EventDate "2019.09.12"]
[EventType "swiss"]
[EventRounds "7"]
[EventCountry "CAN"]

1. e4 c5 2. Nf3 d6 3. d4 cxd4 4. Nxd4 Nf6 5. Nc3 a6 6. Bc4 e6 7. Bb3 Nc6 8. Be3
Be7 9. f4 Qa5 10. O-O O-O 11. f5 e5 12. Nde2 Ng4 13. Nd5 Nxe3 14. Nxe3 Qc5 15.
Rf3 Nd4 16. Nxd4 exd4 17. Nd5 Re8 18. Rg3 d3+ 19. Kh1 dxc2 20. Bxc2 Kh8 21. Ba4
b5 22. Rc1 Qf2 23. Rc2 Qa7 24. Rc7 Qb8 25. f6 Bxf6 26. Nxf6 gxf6 27. Qxd6 Be6
28. Bb3 Qd8 29. Qf4 Bxb3 30. Rd7 Qb6 31. Rd6 Qxd6 32. Qxd6 Re6 33. Qd7 Rxe4 34.
h3 Re1+ 35. Kh2 Be6 36. Qd2 Rf1 37. Qe2 Rf4 38. Rf3 Rd4 39. Rxf6 Rad8 40. Rf3
R8d5 41. Rg3 Rf4 42. Qe3 Rdf5 43. Qc3+ Rf6 44. Qe5 1-0

[Event "Scarborough CC Ridout"]
[Site "Toronto CAN"]
[Date "2019.09.12"]
[Round "1.5"]
[White "Tavana, Joseph"]
[Black "Xie, Austin"]
[Result "0-1"]
[WhiteElo "1781"]
[BlackElo "1965"]
[PlyCount "62"]
[EventDate "2019.09.12"]
[EventType "swiss"]
[EventRounds "7"]
[EventCountry "CAN"]

1. Nf3 d5 2. e3 c5 3. b3 Nc6 4. Bb2 Nf6 5. d4 Bg4 6. Nbd2 e6 7. Be2 Bd6 8. Ne5
Bxe2 9. Qxe2 O-O 10. O-O Qc7 11. f4 cxd4 12. exd4 Nd7 13. Ndf3 Rae8 14. Nxd7
Qxd7 15. Ne5 Qc7 16. c4 f6 17. c5 Bxe5 18. fxe5 fxe5 19. Rxf8+ Rxf8 20. dxe5
Qe7 21. Rc1 Qg5 22. Rf1 Rxf1+ 23. Kxf1 Qf5+ 24. Ke1 Qb1+ 25. Kf2 Qxa2 26. Bc3
Qxb3 27. Bd2 Qc2 28. Qe3 Qf5+ 29. Qf4 Qxe5 30. Qxe5 Nxe5 31. Be3 Ng4+ 0-1

[Event "Scarborough CC Ridout"]
[Site "Toronto CAN"]
[Date "2019.09.12"]
[Round "1.6"]
[White "Sharpe, Sam"]
[Black "Jacobs, Michael"]
[Result "1/2-1/2"]
[WhiteElo "1954"]
[BlackElo "1766"]
[PlyCount "86"]
[EventDate "2019.09.12"]
[EventType "swiss"]
[EventRounds "7"]
[EventCountry "CAN"]

1. e4 c6 2. d4 d5 3. e5 c5 4. dxc5 Nc6 5. Nf3 Bg4 6. Nbd2 e6 7. Be2 Bxc5 8. O-O
Nge7 9. c4 O-O 10. cxd5 Nxd5 11. Re1 Qc7 12. Qc2 Ncb4 13. Qc4 Bxf3 14. Nxf3 Nc2
15. Bg5 Nxa1 16. Rxa1 Qb6 17. Rf1 Qxb2 18. Bd3 Qb4 19. Qc2 h6 20. Bd2 Qb6 21.
Qc4 Ne7 22. Qe4 Ng6 23. Qg4 Rad8 24. Bxg6 fxg6 25. Bxh6 Bxf2+ 26. Kh1 Be3 27.
Bxe3 Qxe3 28. Qxe6+ Kh8 29. h4 Qe4 30. Re1 Qf5 31. Qb3 b6 32. Rd1 Rxd1+ 33.
Qxd1 Rc8 34. Kg1 Qf4 35. Kf2 Qf5 36. Kg3 Qc2 37. Qd7 Qc7 38. Qd3 Qc6 39. Qd2 b5
40. Qg5 a5 41. h5 gxh5 42. Qxh5+ Qh6 43. Qf5 Rc4 1/2-1/2

[Event "Scarborough CC Ridout"]
[Site "Toronto CAN"]
[Date "2019.09.12"]
[Round "1.7"]
[White "Leblanc, Miguel"]
[Black "Huang, Youhe"]
[Result "1/2-1/2"]
[WhiteElo "1758"]
[BlackElo "2033"]
[PlyCount "35"]
[EventDate "2019.09.12"]
[EventType "swiss"]
[EventRounds "7"]
[EventCountry "CAN"]

1. c4 e5 2. Nc3 Bb4 3. e4 Nf6 4. Nge2 a5 5. a3 Bc5 6. d4 exd4 7. Nxd4 O-O 8. g3
Re8 9. Bg2 d6 10. O-O Bxd4 11. Qxd4 Nc6 12. Qe3 Ne5 13. Qe2 Be6 14. b3 Nc6 15.
Be3 a4 16. Nxa4 Na5 17. Qc2 b5 18. Nb2 1/2-1/2

[Event "Scarborough CC Ridout"]
[Site "Toronto CAN"]
[Date "2019.09.12"]
[Round "1.8"]
[White "Zhao, Jeffrey R"]
[Black "Liu, Harry"]
[Result "1-0"]
[WhiteElo "2149"]
[BlackElo "1714"]
[PlyCount "73"]
[EventDate "2019.09.12"]
[EventType "swiss"]
[EventRounds "7"]
[EventCountry "CAN"]

1. e4 c5 2. Nf3 Nc6 3. d4 cxd4 4. Nxd4 g6 5. Nc3 Bg7 6. Be3 Nf6 7. Bc4 Qa5 8.
O-O d6 9. h3 O-O 10. Bb3 Bd7 11. f4 Rac8 12. Qe2 Nxd4 13. Bxd4 Bc6 14. Rae1 Nd7
15. Bxg7 Kxg7 16. Nd5 Rfe8 17. Kh2 Nc5 18. Qd1 f6 19. Re3 b5 20. c3 e6 21. Nb4
Qb6 22. Rfe1 a5 23. Nd3 Nxe4 24. Rxe4 Bxe4 25. Rxe4 d5 26. Re2 a4 27. Bc2 Rc4
28. Nb4 Rxf4 29. Nxd5 exd5 30. Rxe8 Qc7 31. Kh1 Qd7 32. Qe2 Qd6 33. Qe7+ Qxe7
34. Rxe7+ Kf8 35. Re2 b4 36. g3 Rc4 37. Bd3 1-0

[Event "Scarborough CC Ridout"]
[Site "Toronto CAN"]
[Date "2019.09.19"]
[Round "2.1"]
[White "Palacios, Bobby"]
[Black "Leblanc, Miguel"]
[Result "1-0"]
[WhiteElo "2055"]
[BlackElo "1758"]
[PlyCount "81"]
[EventDate "2019.09.12"]
[EventType "swiss"]
[EventRounds "7"]
[EventCountry "CAN"]

1. d4 Nf6 2. c4 e5 3. dxe5 Ng4 4. Nf3 Bc5 5. e3 Nc6 6. Bd2 O-O 7. Bc3 Re8 8.
Nbd2 Qe7 9. Nb3 Bb6 10. Be2 Ngxe5 11. Nxe5 Nxe5 12. O-O c6 13. Qd2 Qh4 14. g3
Qe4 15. c5 Bc7 16. Qd4 Qxd4 17. exd4 Ng6 18. Bf3 d5 19. Rfe1 Bf5 20. Ba5 b6 21.
Bd2 Bc2 22. Rec1 Bxb3 23. axb3 b5 24. Ra6 Re6 25. Rca1 Bb8 26. Bg4 Re4 27. Bd7
Ne7 28. Be3 f6 29. Rxc6 Kf7 30. Rca6 f5 31. Bg5 Bc7 32. Rxa7 Rxa7 33. Rxa7 Bd8
34. Bxf5 Rxd4 35. c6 Rd1+ 36. Kg2 g6 37. Bxe7 Bxe7 38. c7 Rc1 39. c8=Q Rxc8 40.
Bxc8 Kf8 41. Be6 1-0